000 00678nam a22002177a 4500
003 UA-OsUOA
001 125257
007 ta
008 20170912b un ||||| |||| 00| 0 ukr d
100 _aТарангул Д. О.
090 _a330(477)
_bТ19
942 _cSA
040 _aUA-OsUOA
_bukr
_cUA-OsUOA
_dUA-OsUOA
245 _aМетодологічні підходи щодо формування податкової політики в Україні
300 _aС.4-9
955 _a0
041 _aukr
080 _a330(477)
773 0 _w125256
_tЕкономіка. Фінанси. Право.
_dК.
_d2017
_g7
650 7 _a330 Економіка взагалі
_2UDC
999 _c412492
_d412492